000 00858nam a2200241Ia 4500
003 OSt
005 20221005112649.0
006 a|||||r|||| 00| 0
007 ta
008 221004b |||||||| |||| 00| 0 pan d
020 _a9789350685792 (hbk)
_c495
024 _a13994
037 _b873, 14/08/2014, H.K. Prakashan
_cTextual
040 _aCRL
_cCRL
_bpan
041 _2pan
_apan
082 _a4:(P153), 153Q4
100 _aਸਿੰਘ, ਕੁਲਬੀਰ, ਥਦ.
245 0 _aਪਹਿਲੀ ਵਿFਵ ਪੰਜਾਬੀ ਮੀਡੀਆ ਕਾਨਫਰੰਸ
260 _aਜਲੰਧਰ
_bਰੇਡਿਓ ਅਕੈਡਮੀ ਭਾਰਤ
_c2014
300 _a215ਪੰ
_ccm.
942 _h4:(P153), 153Q4
_cTEXL
_2cc
999 _c1025580
_d1025580